Eurovision 2026 - Indovina la Canzone (Click Map) - Statistics

Statistiche generali
  • Questo quiz è stato fatto 23 volte
  • Il punteggio medio è 15 su 35
Risposte nella Mappa
Le risposte nella mappa del quiz sottostante sono codificate secondo una scala di colori dal rosso al verde in base alla % di persone che hanno risposto correttamente.
 
Statistiche sulle risposte
Risposta % Corretto
Aidan - Bella
78%
Dara - Bangaranga
78%
Akylas - Ferto
67%
Alexandra Căpitănescu - Choke Me
67%
Alicja - Pray
67%
Monroe - Regarde!
67%
Sal Da Vinci - Per sempre sì
67%
Satoshi - Viva, Moldova!
67%
Antigoni - Jalla
56%
Essyla - Dancing on the Ice
56%
Linda Lampenius & Pete Parkkonen - Liekinheitin
56%
Senhit feat. Boy George - Superstar
56%
Veronica Fusaro - Alice
56%
Cosmó - Tanzschein
44%
Delta Goodrem - Eclipse
44%
Eva Marija - Mother Nature
44%
Felicia - My System
44%
Lelek - Andromeda
44%
Look Mum No Computer - Eins, zwei, drei
44%
Noam Bettan - Michelle
44%
Alis - Nân
33%
Bandidos do Cante - Rosa
33%
Jonas Lovv - Ya Ya Ya
33%
Leléka - Ridnym
33%
Sarah Engels - Fire
33%
Søren Torpegaard Lund - Før vi går hjem
33%
Tamara Živković - Nova zora
33%
Daniel Žižka - Crossroads
22%
Jiva - Just Go
22%
Lion Ceccah - Sólo quiero más
22%
Simón - Paloma rumba
22%
Atvara -Ēnā
11%
Bzikebi - On Replay
11%
Lavina - Kraj mene
11%
Vanilla Ninja - Too Epic to Be True
11%
Nessun quiz corrispondente trovato
Distribuzione punteggi
Percentuale di utenti per punteggio
Percentile per numero di risposta
I tuoi punteggi nel tempo
Non hai fatto questo quiz